| 000 | 01361nac a22002531u 4500 | ||
|---|---|---|---|
| 008 | 100907t xxu||||| |||| 00| 0 eng d | ||
| 010 | _a 99050184 | ||
| 020 | _a0471431176 | ||
| 020 | _a9780471431176 | ||
| 082 | 0 | 0 |
_a624.15 _bBUD |
| 100 |
_aBudhu, M. _918622 |
||
| 245 | 1 | 0 |
_aSoil Mechanics and Foundations / _cMuni Budhu. |
| 260 |
_aNew York : _bWiley, _cc2000. |
||
| 300 |
_axxv, 586 : _bill. ; _c27 cm. + _e1 computer laser optical disc (4 3/4 in.) |
||
| 504 | _aIncludes bibliographical references (p. 573-577). | ||
| 538 | _aSystem requirements for accompanying computer disc: Windows-compatible PC running Windows 95, 98, or NT 4.0; Pentium 90, 16MB RAM, 10MB free hard disk space, VGA graphic; 4X CD-ROM drive, sound card and speakers. | ||
| 650 | 0 |
_aSoil mechanics. _918623 |
|
| 650 | 0 |
_aFoundations. _918624 |
|
| 856 | 4 | 2 |
_3Publisher description _uhttp://www.loc.gov/catdir/description/wiley033/99050184.html |
| 856 | 4 | 2 |
_3Table of Contents only _uhttp://www.loc.gov/catdir/toc/onix04/99050184.html |
| 856 | 4 | 2 |
_3Contributor biographical information _uhttp://www.loc.gov/catdir/enhancements/fy0607/99050184-b.html |
| 942 |
_cBB _k624.15BUD _2ddc |
||
| 999 |
_c2882 _d2882 |
||